[Event "Elberfelder SG 1 - SF Schwerte 1"]
[Site "NRW-Klasse, Gruppe 2 2010/201"]
[Date "2011.03.13"]
[Round "8.4"]
[White "Kurr, Gerd"]
[Black "Fleischhauer, Thomas"]
[Result "1/2-1/2"]
[WhiteElo "2160"]
[BlackElo "2033"]
[PlyCount "149"]
[EventDate "2011.??.??"]

1. d4 d5 2. Nf3 e6 3. c4 c5 4. e3 Nf6 5. Nc3 a6 6. a3 dxc4 7. Bxc4 b5 8. Ba2
Bb7 9. O-O Be7 10. dxc5 Qxd1 11. Rxd1 Bxc5 12. b4 Be7 13. Bb2 Nbd7 14. Ne2 O-O
15. Nf4 Rfd8 16. Rac1 Rac8 17. Kf1 Rxc1 18. Rxc1 Rc8 19. Rxc8+ Bxc8 20. Nd3 Bb7
21. Ke2 Bd6 22. g3 Kf8 23. Nfe5 Nxe5 24. Nxe5 Ke7 25. f3 h5 26. e4 Bc7 27. Bd4
g6 28. Ke3 Nd7 29. Nxd7 Kxd7 30. f4 Bd6 31. Bb6 Ke7 32. Kd4 f6 33. e5 fxe5+ 34.
fxe5 Bb8 35. h4 Kf7 36. Bb1 Bf3 37. Bc2 Bb7 38. a4 Bc6 39. a5 Bf3 40. Ke3 Bb7
41. Kf4 Bd5 42. Bd4 Bc7 43. Kg5 Kg7 44. Bxg6 Bd8+ 45. Kxh5 Bf3+ 46. g4 Bxh4 47.
Bc2 Be1 48. Bc5 Bg3 49. Bd6 Bf4 50. Kh4 Bd5 51. g5 Bd2 52. Kg4 Bc3 53. g6 Bb2
54. Kf4 Bc1+ 55. Kg3 Be3 56. Bb1 Bd4 57. Kf4 Bg1 58. Bd3 Bf2 59. Bc5 Be1 60.
Ke3 Bg3 61. Bd6 Bh2 62. Kd4 Bg1+ 63. Kc3 Bh2 64. Bc5 Bg3 65. Be3 Be1+ 66. Bd2
Bf2 67. Bc2 Bg1 68. Bg5 Bf2 69. Kd2 Bg3 70. Bf6+ Kg8 71. Ke3 Be1 72. Be7 Bg3
73. Bd6 Kg7 74. Bd3 Be1 75. Bc5 1/2-1/2

[Event "Elberfelder SG 1 - SF Schwerte 1"]
[Site "NRW-Klasse, Gruppe 2 2010/201"]
[Date "2011.03.13"]
[Round "8.5"]
[White "Vicktor, Christian"]
[Black "Noetzel, Frank"]
[Result "1-0"]
[WhiteElo "2007"]
[BlackElo "2208"]
[PlyCount "75"]
[EventDate "2011.??.??"]

1. d4 f5 2. g3 Nf6 3. Bg2 g6 4. Nf3 Bg7 5. O-O O-O 6. c4 d6 7. Nc3 Nc6 8. d5
Ne5 9. Nxe5 dxe5 10. e4 f4 11. Bd2 g5 12. a4 a6 13. a5 Qe8 14. Ra3 Rb8 15. Nb1
Bg4 16. f3 Bc8 17. g4 h5 18. h3 Kh7 19. Bc3 Nd7 20. Nd2 Rh8 21. b4 Bf6 22. Qa1
b6 23. axb6 cxb6 24. c5 bxc5 25. bxc5 Nxc5 26. Bxe5 Rb6 27. Bxf6 exf6 28. Nc4
Rb4 29. Nd6 Qe7 30. Qc3 Rb6 31. Nc4 Rb5 32. e5 fxe5 33. Nxe5 Qf6 34. gxh5 Rd8
35. Ng6 Qxc3 36. Rxc3 Bb7 37. Re1 Rd7 38. Nf8+ 1-0

[Event "Elberfelder SG 1 - SF Schwerte 1"]
[Site "NRW-Klasse, Gruppe 2 2010/201"]
[Date "2011.03.13"]
[Round "8.6"]
[White "Wicht, Juergen"]
[Black "Zarges, Stephan"]
[Result "1-0"]
[WhiteElo "2069"]
[BlackElo "2142"]
[PlyCount "69"]
[EventDate "2011.??.??"]

1. d4 Nf6 2. c4 e6 3. Nf3 b6 4. a3 Be7 5. Nc3 d5 6. cxd5 exd5 7. Bf4 O-O 8. Rc1
c5 9. g3 Nc6 10. Bg2 Bb7 11. O-O c4 12. Ne1 Na5 13. Nc2 Nb3 14. Rb1 Qd7 15. Bg5
Rfe8 16. Bxf6 Bxf6 17. Nb4 Bxd4 18. Nbxd5 Rad8 19. e4 f5 20. Re1 fxe4 21. Rxe4
Rxe4 22. Bxe4 Bxc3 23. Qh5 g6 24. Bxg6 Bxd5 25. Bf5 Qg7 26. bxc3 Nd2 27. Rd1
Bf3 28. Bxh7+ Kf8 29. Qf5+ Qf7 30. Qg5 Bxd1 31. Qxd8+ Kg7 32. Qxd2 Bf3 33. Bc2
Bd5 34. Qg5+ Kh8 35. Qf5 1-0

[Event "Elberfelder SG 1 - SF Schwerte 1"]
[Site "NRW-Klasse, Gruppe 2 2010/201"]
[Date "2011.03.13"]
[Round "8.7"]
[White "Duerwald, Martin"]
[Black "Weick, Bjoern"]
[Result "1/2-1/2"]
[WhiteElo "2030"]
[BlackElo "2063"]
[PlyCount "32"]
[EventDate "2011.??.??"]

1. e4 e6 2. d4 d5 3. e5 c5 4. c3 Nc6 5. a3 f6 6. exf6 Nxf6 7. Nf3 Bd6 8. Bd3
O-O 9. dxc5 Bxc5 10. b4 Bb6 11. b5 Na5 12. O-O Qc7 13. Bg5 e5 14. Bxf6 gxf6 15.
Bc2 Be6 16. Nh4 e4 1/2-1/2

[Event "Elberfelder SG 1 - SF Schwerte 1"]
[Site "NRW-Klasse, Gruppe 2 2010/201"]
[Date "2011.03.13"]
[Round "8.8"]
[White "Prange, Stefan"]
[Black "Vorschuetz, Stefan"]
[Result "1-0"]
[WhiteElo "2155"]
[BlackElo "2004"]
[PlyCount "53"]
[EventDate "2011.??.??"]

1. d4 Nf6 2. c4 e6 3. Nf3 Bb4+ 4. Nbd2 O-O 5. g3 b6 6. Bg2 Bb7 7. O-O d5 8. Qc2
Nbd7 9. a3 Bxd2 10. Bxd2 Ne4 11. cxd5 exd5 12. Bf4 c5 13. dxc5 bxc5 14. Nd2
Nxd2 15. Qxd2 Nf6 16. b4 cxb4 17. Qxb4 Ba6 18. Rfe1 Re8 19. Bf3 Qd7 20. Rad1
Qf5 21. Rd4 Ne4 22. Qa5 Bb7 23. Red1 g5 24. Rxd5 Bxd5 25. Rxd5 Qf6 26. Bxe4
Rxe4 27. Rxg5+ 1-0

[Event "SC Klein-Berlin Rheine 1 - SV Erkenschw"]
[Site "NRW-Klasse, Gruppe 2 2010/201"]
[Date "2011.03.13"]
[Round "8.1"]
[White "Erwich, Marc"]
[Black "van Assendelft, Floris"]
[Result "1/2-1/2"]
[WhiteElo "2296"]
[BlackElo "2359"]
[Annotator "Hausrath,Daniel"]
[PlyCount "93"]
[EventDate "2011.??.??"]

1. Nf3 Nf6 2. c4 c5 3. Nc3 g6 4. e4 Bg7 5. d4 cxd4 6. Nxd4 O-O 7. Be2 Nc6 8.
Be3 d6 9. O-O Nxd4 10. Bxd4 Be6 11. f4 Qa5 12. f5 Bd7 13. a3 Rfc8 14. b4 Qd8
15. Qd2 Qf8 16. g4 Ne8 17. Nd5 Bxd4+ 18. Qxd4 Bc6 19. Rae1 Bxd5 20. Qxd5 Nf6
21. Qxb7 a5 22. e5 dxe5 23. g5 Rab8 24. Qa7 Ne4 25. fxg6 hxg6 26. Qxa5 Nd2 27.
Rf2 Nxc4 28. Bxc4 Rxc4 29. Qxe5 Rg4+ 30. Rg2 Rxg2+ 31. Kxg2 Qc8 32. Re3 Qc2+
33. Re2 Qc6+ 34. Qe4 Qd7 35. h3 e6 36. Qf4 Qd5+ 37. Kh2 Rc8 38. Rd2 Qb3 39. Rf2
e5 $11 40. Qxe5 Qxa3 41. Qd5 Qa7 42. Kg2 Qe7 43. h4 Rc3 44. b5 Qc7 45. Rf3 Rc2+
46. Rf2 Rc3 47. Rf3 1/2-1/2

[Event "SC Klein-Berlin Rheine 1 - SV Erkenschw"]
[Site "NRW-Klasse, Gruppe 2 2010/201"]
[Date "2011.03.13"]
[Round "8.2"]
[White "Ottens, Stephan"]
[Black "Willemze, Thomas"]
[Result "1-0"]
[WhiteElo "2162"]
[BlackElo "2350"]
[PlyCount "99"]
[EventDate "2011.??.??"]

1. e4 c6 2. d4 d5 3. e5 c5 4. dxc5 Nc6 5. Bb5 e6 6. Be3 Nge7 7. Nf3 Nf5 8. Qd2
Nxe3 9. Qxe3 Qa5+ 10. Nc3 Bd7 11. a3 Be7 12. Bxc6 bxc6 13. b4 Qa6 14. Qd3 Qb7
15. O-O a5 16. Rab1 axb4 17. axb4 O-O 18. Ne2 Rfb8 19. c3 Ra2 20. Nc1 Ra3 21.
Nb3 Bc8 22. Nfd4 Qa8 23. Ra1 Ra6 24. Rfe1 Bd8 25. f4 g6 26. Qc2 f6 27. Rxa6
Qxa6 28. Ra1 Qb7 29. Na5 Bxa5 30. Rxa5 fxe5 31. fxe5 Qc7 32. Qf2 Bd7 33. Qf6
Re8 34. Ra1 Bc8 35. Ra8 Qd7 36. b5 Rf8 37. bxc6 Qe8 38. Qg5 Qf7 39. h4 Qf2+ 40.
Kh2 Qe1 41. Nf3 Qe4 42. h5 d4 43. Nxd4 Qd5 44. hxg6 h6 45. Qg3 Qxc5 46. g7 Re8
47. Qg6 Qxe5+ 48. g3 Rd8 49. Qxh6 Qc7 50. Nxe6 1-0

[Event "SC Klein-Berlin Rheine 1 - SV Erkenschw"]
[Site "NRW-Klasse, Gruppe 2 2010/201"]
[Date "2011.03.13"]
[Round "8.3"]
[White "van Beek, Alexander"]
[Black "Bruemmer, Frank"]
[Result "0-1"]
[WhiteElo "2275"]
[BlackElo "2184"]
[PlyCount "96"]
[EventDate "2011.??.??"]

1. d4 d5 2. c4 e6 3. Nf3 c6 4. Nc3 dxc4 5. a4 Bb4 6. e3 b5 7. Bd2 a5 8. axb5
Bxc3 9. Bxc3 cxb5 10. b3 Bb7 11. bxc4 b4 12. Bb2 Nf6 13. Bd3 Nbd7 14. O-O O-O
15. Nd2 Qc7 16. f4 a4 17. Rb1 Rfb8 18. e4 Nf8 19. f5 a3 20. Ba1 Ba6 21. Rb3
exf5 22. Rxf5 Bc8 23. Rf1 Bd7 24. e5 Ne8 25. Qh5 Ba4 26. Bxh7+ Nxh7 27. Rff3
Bxb3 28. Rxb3 Ra6 29. Qe2 Rg6 30. d5 Qc5+ 31. Kh1 Rc8 32. Rd3 Nf8 33. Bd4 Qa5
34. c5 Qb5 35. Nb3 Qc4 36. Ba1 Rg4 37. Qd1 Qe4 38. Rd2 Rd8 39. d6 Ne6 40. c6
Nxd6 41. c7 Nxc7 42. Nc5 Qf5 43. g3 Rc4 44. Nb3 Nb7 45. Rxd8+ Nxd8 46. Qxd8+
Kh7 47. Nd2 Ne6 48. Qh4+ Rxh4 0-1

[Event "SC Klein-Berlin Rheine 1 - SV Erkenschw"]
[Site "NRW-Klasse, Gruppe 2 2010/201"]
[Date "2011.03.13"]
[Round "8.4"]
[White "Lambrechts, Koen"]
[Black "Erwich, Frank A.S"]
[Result "0-1"]
[WhiteElo "2198"]
[BlackElo "2282"]
[PlyCount "106"]
[EventDate "2011.??.??"]

1. e4 e5 2. Nf3 Nc6 3. Bb5 Nge7 4. O-O g6 5. c3 a6 6. Ba4 Bg7 7. d4 exd4 8.
cxd4 O-O 9. h3 b5 10. Bc2 d5 11. e5 Nb4 12. Bb3 Bf5 13. Bg5 h6 14. Qd2 hxg5 15.
Qxb4 g4 16. hxg4 Bxg4 17. Nbd2 Bh6 18. Nh2 Be6 19. Qc3 Rc8 20. Ndf3 Kg7 21. a4
Rh8 22. axb5 axb5 23. Bc2 Qd7 24. Ra7 Nc6 25. Ra6 Nb8 26. Ra8 Qc6 27. Rfa1 Qxc3
28. bxc3 Nd7 29. Rxc8 Rxc8 30. Bd3 c6 31. Ra6 Bc1 32. Kf1 Bb2 33. Ng5 Nf8 34.
Ra7 Bxc3 35. Nhf3 b4 36. Rb7 Ra8 37. Nxf7 Ra1+ 38. Ke2 Ra2+ 39. Kf1 Bxf7 40.
Ng5 Bxd4 41. Rxf7+ Kg8 42. Rf6 Bxe5 43. Rxc6 b3 44. Ne6 Nxe6 45. Rxe6 Bd4 46.
Rxg6+ Kf7 47. Rd6 Rd2 48. Bg6+ Kg7 49. Ke1 Bc3 50. Bf5 b2 51. Rb6 d4 52. Rb3 d3
53. Rxc3 Re2+ 0-1

[Event "SC Klein-Berlin Rheine 1 - SV Erkenschw"]
[Site "NRW-Klasse, Gruppe 2 2010/201"]
[Date "2011.03.13"]
[Round "8.5"]
[White "Homs, Guust"]
[Black "Buendgen, Achim"]
[Result "1-0"]
[WhiteElo "2077"]
[BlackElo "2138"]
[PlyCount "133"]
[EventDate "2011.??.??"]

1. e4 e5 2. Nf3 Nc6 3. d4 exd4 4. Nxd4 Nf6 5. Nc3 Bb4 6. Nxc6 bxc6 7. Bd3 d5 8.
exd5 Qe7+ 9. Qe2 cxd5 10. Qxe7+ Kxe7 11. Bd2 Re8 12. O-O-O c6 13. a3 Bd6 14.
Rhe1+ Kf8 15. Rxe8+ Kxe8 16. Re1+ Kf8 17. h3 Bd7 18. Be3 Nh5 19. Na4 Nf4 20.
Bc5 Bxc5 21. Nxc5 Rd8 22. Bf1 g5 23. g3 Ne6 24. Nd3 a5 25. Bg2 Kg7 26. Rh1 Be8
27. h4 h6 28. hxg5 hxg5 29. Bh3 Rd6 30. Re1 Bd7 31. Bxe6 Rxe6 32. Rxe6 fxe6 33.
Nc5 Bc8 34. Nb3 Kf6 35. Nxa5 c5 36. b4 cxb4 37. axb4 Ba6 38. Nc6 e5 39. Kd2 Kf5
40. Na7 Ke6 41. Nc6 Kf5 42. c3 Ke6 43. Ke3 Kd6 44. Nd8 Ke7 45. Nc6+ Kd6 46. Na5
Ke6 47. Nb3 Bb5 48. Nd2 Kf5 49. Nf3 Kf6 50. Ne1 Kf5 51. Nc2 Ke6 52. f4 gxf4+
53. gxf4 Kf5 54. fxe5 Kxe5 55. Nd4 Bf1 56. Nf3+ Kd6 57. Kd4 Be2 58. Ne5 Bf1 59.
Nd3 Be2 60. Nf4 Bc4 61. Ng2 Ba2 62. Ne3 Bb3 63. b5 Ba4 64. Nf5+ Ke6 65. b6 Bc6
66. Kc5 Bb7 67. Nd6 1-0

[Event "SC Klein-Berlin Rheine 1 - SV Erkenschw"]
[Site "NRW-Klasse, Gruppe 2 2010/201"]
[Date "2011.03.13"]
[Round "8.6"]
[White "Kuempers, Ulrich"]
[Black "Eggenstein, Frank"]
[Result "1-0"]
[WhiteElo "2017"]
[BlackElo "2022"]
[PlyCount "65"]
[EventDate "2011.??.??"]

1. d4 f5 2. Nf3 Nf6 3. g3 g6 4. Bg2 Bg7 5. c4 d6 6. O-O O-O 7. Nc3 Qe8 8. d5 a5
9. Nd4 Na6 10. Rb1 Nc5 11. b3 h6 12. e3 Bd7 13. Ba3 g5 14. Bxc5 dxc5 15. Ne6
Bxe6 16. dxe6 Rb8 17. Qf3 Qg6 18. Rbd1 h5 19. Nd5 Nxd5 20. Qxd5 b6 21. Qc6 Be5
22. Kh1 Kh8 23. f4 Bd6 24. Qd5 Rf6 25. e4 fxe4 26. Bxe4 Qg7 27. fxg5 Rxf1+ 28.
Rxf1 Rf8 29. Rxf8+ Qxf8 30. Kg2 Kg7 31. Qd1 Qe8 32. g6 h4 33. Qh5 1-0

[Event "SC Klein-Berlin Rheine 1 - SV Erkenschw"]
[Site "NRW-Klasse, Gruppe 2 2010/201"]
[Date "2011.03.13"]
[Round "8.7"]
[White "Strozewski, Frank"]
[Black "Langhanke, Guenther"]
[Result "1/2-1/2"]
[WhiteElo "1969"]
[BlackElo "2004"]
[Annotator "Hausrath,Daniel"]
[PlyCount "81"]
[EventDate "2011.??.??"]

1. c4 e6 2. d4 Nf6 3. Nc3 d5 4. Bf4 c5 5. e3 a6 6. Nf3 dxc4 7. Bxc4 b5 8. Be2
Bb7 9. O-O Nbd7 10. dxc5 Bxc5 11. Bd6 Qb6 12. Bxc5 Nxc5 13. b4 Ncd7 14. a4 Rc8
15. Qb3 Nd5 16. Nxd5 Bxd5 17. Qb2 O-O 18. axb5 axb5 19. Ra5 Bc4 20. Rfa1 Bxe2
21. Qxe2 Rc4 $11 22. h3 Nf6 23. Ra6 Qc7 24. Ra7 Qd6 25. Nd4 Qxb4 26. Qf3 Qc5
27. Qb7 Rc1+ 28. Rxc1 Qxc1+ 29. Kh2 Qc8 30. Qxc8 Rxc8 31. Nxb5 Ne8 32. Rb7 g6
33. g4 h6 34. Kg3 Rd8 35. Nd4 Nd6 36. Ra7 Ne4+ 37. Kg2 Kf8 38. f3 Nf6 39. h4
Rd7 40. Ra8+ Kg7 41. Kf2 1/2-1/2

[Event "SK Münster 2 - Mettmann-Sport 1"]
[Site "NRW-Klasse, Gruppe 2 2010/201"]
[Date "2011.03.13"]
[Round "8.1"]
[White "Griebl, Joern"]
[Black "Emunds, Hans Georg"]
[Result "1/2-1/2"]
[WhiteElo "2262"]
[BlackElo "2126"]
[PlyCount "92"]
[EventDate "2011.??.??"]

1. e4 c5 2. Nf3 Nc6 3. Bb5 d6 4. O-O Bd7 5. d4 cxd4 6. Nxd4 Nf6 7. Nc3 e6 8.
Bg5 Be7 9. Qd2 O-O 10. Nf3 Qc7 11. Rfe1 Rfd8 12. Rad1 a6 13. Bf1 b5 14. Bxf6
Bxf6 15. Qxd6 Qxd6 16. Rxd6 Bxc3 17. bxc3 Kf8 18. Red1 Ke7 19. a3 Be8 20. Rxd8
Nxd8 21. c4 Nb7 22. Nd4 Nd6 23. cxb5 Nxb5 24. Bxb5 axb5 25. Rb1 Rxa3 26. Kf1
Ra4 27. c3 Rc4 28. Rb3 b4 29. Rxb4 Rxc3 30. Rb7+ Kd8 31. Ke2 Rc7 32. Rb6 Ke7
33. f4 Bd7 34. e5 Ra7 35. Rb2 f6 36. exf6+ gxf6 37. Kf2 Rc7 38. Re2 Kd6 39. Re3
e5 40. fxe5+ fxe5 41. Nf3 Rc2+ 42. Kg3 Bc6 43. Nxe5 Rxg2+ 44. Kh3 Rg7 45. Nxc6
Kxc6 46. Rd3 Rd7 1/2-1/2

[Event "SK Münster 2 - Mettmann-Sport 1"]
[Site "NRW-Klasse, Gruppe 2 2010/201"]
[Date "2011.03.13"]
[Round "8.2"]
[White "Chilla, Jan Eric"]
[Black "Perschke, Ulrich"]
[Result "0-1"]
[WhiteElo "2123"]
[BlackElo "2136"]
[Annotator "Hausrath,Daniel"]
[PlyCount "68"]
[EventDate "2011.??.??"]

1. e4 g6 2. d4 Bg7 3. Nf3 d6 4. h3 c6 5. a4 a5 6. Nc3 Nf6 7. Be2 Qc7 8. O-O O-O
9. Be3 e5 10. Qd2 Re8 11. dxe5 dxe5 12. Rfd1 Nbd7 13. Bc4 Nf8 14. Ng5 Ne6 15.
Nxe6 Bxe6 16. Bxe6 Rxe6 17. Qd3 b6 18. Qc4 Qb7 19. Rd2 Bf8 20. Rad1 Kg7 21. g4
Re7 22. Bg5 Rc7 23. Rd3 Be7 24. Be3 b5 25. axb5 cxb5 26. Qxb5 Qxb5 27. Nxb5
Rxc2 28. Bg5 Rxb2 29. Nc7 Rc8 30. Bxf6+ Bxf6 31. Rd7 Bh4 32. R1d6 Bxf2+ 33. Kf1
Bh4 34. Rd5 Rcb8 {Zü} 0-1

[Event "SK Münster 2 - Mettmann-Sport 1"]
[Site "NRW-Klasse, Gruppe 2 2010/201"]
[Date "2011.03.13"]
[Round "8.3"]
[White "Tochtrop, Matthias"]
[Black "Mueschenich, Stefan"]
[Result "1/2-1/2"]
[WhiteElo "2105"]
[BlackElo "2081"]
[PlyCount "44"]
[EventDate "2011.??.??"]

1. g3 c5 2. Bg2 Nc6 3. c4 d6 4. Nc3 e5 5. a3 Be6 6. Nd5 g5 7. e3 Bg7 8. Ne2
Nge7 9. Rb1 O-O 10. b4 Qd7 11. O-O Rae8 12. Nec3 b6 13. Qa4 f5 14. Nxe7+ Nxe7
15. Qxd7 Bxd7 16. Nd5 Ng6 17. Bb2 e4 18. f4 exf3 19. Bxf3 Ne5 20. Bxe5 Bxe5 21.
b5 Kh8 22. a4 Be6 1/2-1/2

[Event "SK Münster 2 - Mettmann-Sport 1"]
[Site "NRW-Klasse, Gruppe 2 2010/201"]
[Date "2011.03.13"]
[Round "8.4"]
[White "Davenport, Darcy"]
[Black "Wille, Thomas"]
[Result "1/2-1/2"]
[WhiteElo "2077"]
[BlackElo "2095"]
[PlyCount "92"]
[EventDate "2011.??.??"]

1. d4 Nf6 2. c4 e6 3. Nc3 Bb4 4. Qc2 c5 5. dxc5 Na6 6. Nf3 Nxc5 7. a3 Bxc3+ 8.
Qxc3 a5 9. Bf4 a4 10. Nd2 d6 11. f3 e5 12. Bg3 Qa5 13. Qxa5 Rxa5 14. e4 Be6 15.
Be2 Ke7 16. O-O Nh5 17. Rfd1 Nxg3 18. hxg3 Rc8 19. Rac1 Bd7 20. Rc3 Ne6 21.
Rdc1 Rc7 22. Nf1 Nd4 23. Kf2 Rc6 24. Ne3 Be6 25. Bd1 Rb6 26. Rb1 f5 27. exf5
Nxf5 28. Bc2 Nxe3 29. Kxe3 Rc5 30. Bd3 h6 31. b4 axb3 32. Rcxb3 Rxb3 33. Rxb3
Bxc4 34. Rxb7+ Kf6 35. Rd7 Ke6 36. Rxg7 Bxd3 37. Kxd3 Ra5 38. Rg6+ Kd5 39. Rxh6
Rxa3+ 40. Ke2 Ra2+ 41. Kf1 Kc5 42. Re6 Kd5 43. Rf6 Kc5 44. Re6 Kd5 45. Rf6 Kc5
46. Re6 Kd5 1/2-1/2

[Event "SK Münster 2 - Mettmann-Sport 1"]
[Site "NRW-Klasse, Gruppe 2 2010/201"]
[Date "2011.03.13"]
[Round "8.5"]
[White "Meyer, Mario"]
[Black "Wellen, Hendrik"]
[Result "0-1"]
[WhiteElo "2103"]
[BlackElo "2045"]
[PlyCount "118"]
[EventDate "2011.??.??"]

1. f4 d5 2. e3 g6 3. Nf3 Bg7 4. d4 Nf6 5. Bd3 O-O 6. O-O b6 7. Qe2 Bb7 8. b3 c5
9. c3 Nbd7 10. Bb2 Qc7 11. Nbd2 Ne4 12. Rac1 Ndf6 13. c4 e6 14. cxd5 exd5 15.
Ne5 Nxd2 16. Qxd2 Qd6 17. dxc5 bxc5 18. Ba3 Rfc8 19. Qa5 Bf8 20. Rfd1 Qb6 21.
Qd2 Rc7 22. Bb2 Bg7 23. Rc2 Rac8 24. Rdc1 Qe6 25. h3 Nd7 26. Nxd7 Bxb2 27. Rxb2
Qxd7 28. Be2 Re8 29. Bf3 Qe7 30. Rbc2 Rd8 31. Re1 Qd6 32. Rd1 Rcd7 33. Qa5 Rc7
34. b4 Rdc8 35. Rdc1 Qb6 36. Qxb6 axb6 37. a4 Kf8 38. a5 bxa5 39. Rxc5 Rxc5 40.
bxc5 Ke7 41. Kf2 Kd7 42. g4 Ra8 43. Bd1 a4 44. Ra1 Bc6 45. Ra3 Ra5 46. Ke2 Kc7
47. Ra2 Bb5+ 48. Kd2 Kc6 49. Bb3 Ra6 50. Bd1 Kxc5 51. Ra1 a3 52. Bb3 Bc4 53.
Rc1 a2 54. Bxc4 dxc4 55. Ra1 Kb4 56. Kc2 c3 57. e4 Rd6 58. Rxa2 Rd2+ 59. Kb1
Kb3 0-1

[Event "SK Münster 2 - Mettmann-Sport 1"]
[Site "NRW-Klasse, Gruppe 2 2010/201"]
[Date "2011.03.13"]
[Round "8.6"]
[White "Borrink, Joern"]
[Black "Sponheim, Marko"]
[Result "0-1"]
[WhiteElo "2085"]
[BlackElo "1974"]
[PlyCount "82"]
[EventDate "2011.??.??"]

1. e4 c5 2. Nf3 d6 3. d4 cxd4 4. Nxd4 Nf6 5. Nc3 a6 6. a4 e5 7. Nb3 Be7 8. Bg5
Nbd7 9. a5 Qc7 10. Be2 O-O 11. g4 h6 12. Bxf6 Nxf6 13. h4 Be6 14. g5 hxg5 15.
hxg5 Nh7 16. g6 fxg6 17. Nd5 Qd8 18. Bc4 Nf6 19. Nxf6+ Rxf6 20. Bxe6+ Rxe6 21.
Qd5 Qc8 22. f4 exf4 23. Nd4 Kf7 24. O-O-O Rb8 25. Rhe1 Bf6 26. Nxe6 Qxe6 27.
Qxd6 Qxd6 28. Rxd6 Be5 29. Rd5 Kf6 30. Kd2 g5 31. Rg1 Rh8 32. Rg2 f3 33. Rf2 g4
34. Rd7 Bxb2 35. c3 Ba3 36. Rd5 g6 37. Ke3 Bc1+ 38. Kd4 Bf4 39. c4 g5 40. c5 g3
41. Rb2 g2 0-1

[Event "SK Münster 2 - Mettmann-Sport 1"]
[Site "NRW-Klasse, Gruppe 2 2010/201"]
[Date "2011.03.13"]
[Round "8.7"]
[White "Schatzschneider, Karl Immo"]
[Black "Niermann, Rainer"]
[Result "1/2-1/2"]
[WhiteElo "2035"]
[BlackElo "1993"]
[PlyCount "83"]
[EventDate "2011.??.??"]

1. e4 Nc6 2. c4 e5 3. Nc3 Bc5 4. d3 a5 5. g3 d6 6. Bg2 Nd4 7. Be3 Nf6 8. h3 c6
9. a3 Be6 10. Nf3 h6 11. O-O Qd7 12. Kh2 g5 13. Bxd4 Bxd4 14. Nxd4 exd4 15. Ne2
c5 16. f4 gxf4 17. Nxf4 Qe7 18. Nh5 Nxh5 19. Qxh5 Qg5 20. Qf3 Rg8 21. Rf2 Qe5
22. Qf4 Ke7 23. h4 Rg7 24. Qxe5 dxe5 25. Bh3 Bxh3 26. Kxh3 Rag8 27. Rg1 Rg4 28.
Rgg2 f6 29. b4 axb4 30. axb4 cxb4 31. Rb2 Kd6 32. Rxb4 Kc6 33. Ra4 h5 34. Raa2
Kc5 35. Rab2 b6 36. Rb5+ Kc6 37. Kh2 Ra8 38. Rf2 Rg6 39. Rfb2 Ra6 40. R5b3 Rg7
41. Rf2 Rg6 42. Rfb2 1/2-1/2

[Event "SK Münster 2 - Mettmann-Sport 1"]
[Site "NRW-Klasse, Gruppe 2 2010/201"]
[Date "2011.03.13"]
[Round "8.8"]
[White "Kaufhold, Thomas"]
[Black "Stanislowski, Detlev"]
[Result "1/2-1/2"]
[WhiteElo "1986"]
[BlackElo "1841"]
[PlyCount "114"]
[EventDate "2011.??.??"]

1. d4 Nf6 2. c4 e6 3. Nf3 b6 4. g3 Bb7 5. Bg2 Bb4+ 6. Bd2 Qe7 7. O-O Bxd2 8.
Nbxd2 O-O 9. Qc2 Na6 10. e4 Nb4 11. Qb1 d6 12. a3 Na6 13. b4 c5 14. e5 dxe5 15.
dxe5 Ng4 16. b5 Nc7 17. Ne4 Bxe4 18. Qxe4 Nh6 19. Nh4 Rfd8 20. Rad1 Rab8 21.
Qc2 g6 22. f4 Ne8 23. Be4 Ng7 24. Qe2 Rd4 25. Nf3 Rdd8 26. Ng5 Nhf5 27. Bxf5
Nxf5 28. Ne4 h5 29. g4 hxg4 30. Nf6+ Kg7 31. Nxg4 Qh4 32. Nf6 Rd4 33. Rxd4 cxd4
34. Ne4 Rd8 35. Nd6 Ne3 36. Rf3 Qg4+ 37. Kh1 Rh8 38. Rxe3 Qxf4 39. Rf3 Rxh2+
40. Kg1 Rxe2 41. Rxf4 Rxe5 42. Rxf7+ Kh6 43. Kf2 Rh5 44. Rxa7 Rh2+ 45. Kg3 Re2
46. Kf3 Re3+ 47. Kf2 g5 48. Rf7 g4 49. Rf4 g3+ 50. Kg2 d3 51. c5 Kg5 52. Rf3 d2
53. Ne4+ Rxe4 54. Rd3 bxc5 55. Rxd2 Re3 56. Rc2 Rxa3 57. Rxc5+ Kf6 1/2-1/2

[Event "SF Monheim 1 - Kölner SK Dr. Lasker 1"]
[Site "NRW-Klasse, Gruppe 2 2010/201"]
[Date "2011.03.13"]
[Round "8.1"]
[White "Marcziter, Dmitrii"]
[Black "Weber, Peter"]
[Result "1/2-1/2"]
[WhiteElo "2243"]
[BlackElo "2201"]
[PlyCount "38"]
[EventDate "2011.??.??"]

1. d4 Nf6 2. Nf3 g6 3. c4 Bg7 4. g3 O-O 5. Bg2 d5 6. cxd5 Nxd5 7. O-O Nb6 8.
Nc3 Nc6 9. e3 Re8 10. Qe2 e5 11. dxe5 Nxe5 12. Nxe5 Bxe5 13. Rd1 Qe7 14. e4 c6
15. Be3 Be6 16. Bd4 Qf6 17. Bxe5 Qxe5 18. f4 Qc5+ 19. Qf2 Qxf2+ 1/2-1/2

[Event "SF Monheim 1 - Kölner SK Dr. Lasker 1"]
[Site "NRW-Klasse, Gruppe 2 2010/201"]
[Date "2011.03.13"]
[Round "8.2"]
[White "Homuth, Wolfgang"]
[Black "Loseries, Uwe"]
[Result "1/2-1/2"]
[WhiteElo "2200"]
[BlackElo "2096"]
[PlyCount "43"]
[EventDate "2011.??.??"]

1. e4 c6 2. c4 d5 3. exd5 cxd5 4. cxd5 Nf6 5. Nc3 Nxd5 6. Nf3 e6 7. Bc4 Nb6 8.
Bb3 N8d7 9. d4 Nf6 10. O-O Be7 11. Ne5 O-O 12. Re1 a6 13. Qd3 Nbd5 14. Nxd5
exd5 15. Bg5 Be6 16. f3 Rc8 17. Bc2 g6 18. Nxg6 hxg6 19. Rxe6 Rxc2 20. Rxe7
Rxg2+ 21. Kxg2 Qxe7 22. Bxf6 1/2-1/2

[Event "SF Monheim 1 - Kölner SK Dr. Lasker 1"]
[Site "NRW-Klasse, Gruppe 2 2010/201"]
[Date "2011.03.13"]
[Round "8.3"]
[White "di Franco, Patricio"]
[Black "Stoeber, Michael"]
[Result "0-1"]
[WhiteElo "2053"]
[BlackElo "2215"]
[PlyCount "64"]
[EventDate "2011.??.??"]

1. d4 g6 2. c4 Bg7 3. e4 d6 4. Nc3 Nf6 5. f4 O-O 6. Nf3 Na6 7. e5 Nd7 8. Bd3 c5
9. d5 dxe5 10. O-O exf4 11. Bxf4 Nc7 12. Qd2 e5 13. Bh6 f5 14. Bxg7 Kxg7 15.
Rae1 e4 16. Bxe4 fxe4 17. Nxe4 Ne8 18. Nfg5 Rxf1+ 19. Rxf1 Ndf6 20. Qf4 h6 21.
Nf7 Kxf7 22. Qxh6 Bf5 23. Ng5+ Ke7 24. Re1+ Kd7 25. Qf8 Kc7 26. Nf7 Nd7 27. Qh6
Qf6 28. Qf4+ Kb6 29. Ne5 Nxe5 30. Rxe5 Bd7 31. Qe3 Nd6 32. b4 Rc8 0-1

[Event "SF Monheim 1 - Kölner SK Dr. Lasker 1"]
[Site "NRW-Klasse, Gruppe 2 2010/201"]
[Date "2011.03.13"]
[Round "8.5"]
[White "Hoeren, Andreas"]
[Black "Vogelmann, Peter"]
[Result "1/2-1/2"]
[WhiteElo "2103"]
[BlackElo "2203"]
[PlyCount "24"]
[EventDate "2011.??.??"]

1. d4 Nf6 2. Nc3 d6 3. e4 e5 4. dxe5 dxe5 5. Qxd8+ Kxd8 6. Bc4 Be6 7. Bxe6 fxe6
8. Be3 Bb4 9. O-O-O+ Kc8 10. Nge2 a6 11. f3 Nbd7 12. Rd3 b5 1/2-1/2

[Event "SF Monheim 1 - Kölner SK Dr. Lasker 1"]
[Site "NRW-Klasse, Gruppe 2 2010/201"]
[Date "2011.03.13"]
[Round "8.6"]
[White "Weber, Franz-Josef"]
[Black "Cramer, Volker"]
[Result "0-1"]
[WhiteElo "2041"]
[BlackElo "2054"]
[PlyCount "70"]
[EventDate "2011.??.??"]

1. e4 e6 2. d4 d5 3. e5 c5 4. c3 Nc6 5. Nf3 Bd7 6. a3 cxd4 7. cxd4 Qb6 8. Nc3
Nge7 9. b4 Nf5 10. Na4 Qd8 11. Bb2 Nh4 12. Nc5 Bxc5 13. dxc5 O-O 14. Bd3 Nxg2+
15. Kd2 Nf4 16. Bc2 Ne7 17. Qg1 b6 18. Qg4 Neg6 19. cxb6 Qxb6 20. Bd4 Qb5 21.
Rhe1 Rac8 22. Bc5 Rxc5 23. bxc5 Qxc5 24. Qg3 Rc8 25. Rec1 Qc3+ 26. Kd1 Bb5 27.
Ng1 Qd4+ 28. Ke1 Rxc2 29. Rxc2 Qxa1+ 30. Kd2 Qd4+ 31. Kc1 Bc4 32. Nf3 Ne2+ 33.
Rxe2 Qa1+ 34. Kd2 Qb2+ 35. Ke3 Qc3# 0-1

[Event "SF Monheim 1 - Kölner SK Dr. Lasker 1"]
[Site "NRW-Klasse, Gruppe 2 2010/201"]
[Date "2011.03.13"]
[Round "8.7"]
[White "Cmiel, Thorsten"]
[Black "Reinemer, Frank"]
[Result "1/2-1/2"]
[WhiteElo "2189"]
[BlackElo "2111"]
[PlyCount "35"]
[EventDate "2011.??.??"]

1. Nf3 f5 2. d4 Nf6 3. c3 e6 4. g3 Be7 5. Bg2 O-O 6. O-O Qe8 7. a4 Ne4 8. Ne1
d5 9. Nd3 Nd7 10. f3 Nd6 11. b3 g5 12. c4 Bf6 13. e3 c6 14. Ba3 Be7 15. Nd2 Nf6
16. Ne5 Nd7 17. Nd3 Nf6 18. Ne5 1/2-1/2